Direct International Flights from Seattle (SEA) - Statistics

General Stats
  • This quiz has been taken 43 times
  • The average score is 23 of 35
Answer Stats
Destinations % Correct
Tokyo - Haneda
96%
Tokyo - Narita
96%
Toronto
96%
Vancouver
96%
Mexico City
93%
Montreal
93%
London - Heathrow
89%
Paris
89%
Shanghai
89%
Beijing
85%
Calgary
81%
Cancun
81%
Seoul
81%
Edmonton
78%
Singapore
78%
Taipei
78%
Amsterdam
74%
Frankfurt
70%
Dubai
67%
Dublin
67%
Guadalajara
67%
Munich
67%
Manila
63%
Cabo San Lucas
56%
Doha
56%
Istanbul
56%
Nassau
56%
Reykjavik
56%
Puerto Vallarta
44%
Victoria
33%
Helsinki
26%
Kelowna
22%
Papeete
22%
Chongqing
19%
Belize City
11%
No matching quizzes found
Score Distribution
Percent of People with Each Score
Percentile by Number Answered
Your Score History
You have not taken this quiz